<?xml version="1.0" encoding="UTF-8"?>
<record
    xmlns:xsi="http://www.w3.org/2001/XMLSchema-instance"
    xsi:schemaLocation="http://www.loc.gov/MARC21/slim http://www.loc.gov/standards/marcxml/schema/MARC21slim.xsd"
    xmlns="http://www.loc.gov/MARC21/slim">

  <leader>00417nam a22001697a 4500</leader>
  <controlfield tag="008">240210b        |||||||| |||| 00| 0 eng d</controlfield>
  <datafield tag="020" ind1=" " ind2=" ">
    <subfield code="a">8170223970</subfield>
  </datafield>
  <datafield tag="040" ind1=" " ind2=" ">
    <subfield code="a">30</subfield>
  </datafield>
  <datafield tag="082" ind1=" " ind2=" ">
    <subfield code="a">615.7 DAS</subfield>
  </datafield>
  <datafield tag="100" ind1=" " ind2=" ">
    <subfield code="a">DASB , VAIDYA BHAGEAN</subfield>
  </datafield>
  <datafield tag="245" ind1=" " ind2=" ">
    <subfield code="a">FIVE SPICIALISED THERAPIES OF AYURVEDA </subfield>
    <subfield code="b">(PANCA-KARMA)</subfield>
  </datafield>
  <datafield tag="250" ind1=" " ind2=" ">
    <subfield code="a">8 TH</subfield>
  </datafield>
  <datafield tag="260" ind1=" " ind2=" ">
    <subfield code="a">NEW DELHI</subfield>
    <subfield code="b">CONCEPT</subfield>
    <subfield code="c">2003</subfield>
  </datafield>
  <datafield tag="300" ind1=" " ind2=" ">
    <subfield code="a">399</subfield>
  </datafield>
  <datafield tag="650" ind1=" " ind2=" ">
    <subfield code="a">PANCHKARMA</subfield>
  </datafield>
  <datafield tag="942" ind1=" " ind2=" ">
    <subfield code="c">01</subfield>
  </datafield>
  <datafield tag="999" ind1=" " ind2=" ">
    <subfield code="c">58148</subfield>
    <subfield code="d">58148</subfield>
  </datafield>
  <datafield tag="952" ind1=" " ind2=" ">
    <subfield code="0">0</subfield>
    <subfield code="1">0</subfield>
    <subfield code="2">ddc</subfield>
    <subfield code="4">0</subfield>
    <subfield code="6">615_700000000000000_DAS</subfield>
    <subfield code="7">0</subfield>
    <subfield code="9">526514</subfield>
    <subfield code="a">30</subfield>
    <subfield code="b">30</subfield>
    <subfield code="d">2024-01-27</subfield>
    <subfield code="e">ARISTA</subfield>
    <subfield code="l">0</subfield>
    <subfield code="o">615.7 DAS</subfield>
    <subfield code="p">30-B-6121</subfield>
    <subfield code="r">2024-02-10</subfield>
    <subfield code="w">2024-02-10</subfield>
    <subfield code="y">01</subfield>
  </datafield>
  <datafield tag="952" ind1=" " ind2=" ">
    <subfield code="0">0</subfield>
    <subfield code="1">0</subfield>
    <subfield code="2">ddc</subfield>
    <subfield code="4">0</subfield>
    <subfield code="6">615_700000000000000_DAS</subfield>
    <subfield code="7">0</subfield>
    <subfield code="9">526515</subfield>
    <subfield code="a">30</subfield>
    <subfield code="b">30</subfield>
    <subfield code="d">2024-01-27</subfield>
    <subfield code="e">ARISTA</subfield>
    <subfield code="l">0</subfield>
    <subfield code="o">615.7 DAS</subfield>
    <subfield code="p">30-B-6122</subfield>
    <subfield code="r">2024-02-10</subfield>
    <subfield code="w">2024-02-10</subfield>
    <subfield code="y">01</subfield>
  </datafield>
</record>
